=LDR 00000nam 2200000 4500 =001 INLIS000000000053466 =005 20181022085400 =035 ##$$a 0010-1018000081 =245 1#$$a Perkembangan Ekonomi Keuangan dan Kerjasama Internasional /$c Perkembangan Ekonomi Keuangan dan Kerjasama Internasional =100 #$$a Perkembangan Ekonomi Keuangan dan Kerjasama Internasional =300 ##$$a 178 hlm. : $b Ilus ; $c 14x22 cm =260 ##$$a Jakarta :$b Bank Indonesia =082 ##$$a 332 =084 ##$$a 332 PER p =020 ##$$a 978-602-229-225-8 =650 ##$$a Ekonomi Keuangan =008 181022################|##########|#|## =990 ##$$a 02201808048 =990 ##$$a 02200900015 =990 ##$$a 02201100001 =990 ##$$a 02200700001 =990 ##$$a 02201514342 =990 ##$$a 82188218 =990 ##$$a 02201514342 =990 ##$$a 02201808048 =990 ##$$a 02200900015 =990 ##$$a 02201100001 =990 ##$$a 02200700001 =990 ##$$a 02201514343 =990 ##$$a 02200700001 =990 ##$$a 02201808048 =990 ##$$a 02200900015 =990 ##$$a 02201100001 =990 ##$$a 02201514342 =990 ##$$a 02201514343 =990 ##$$a 02201100001 =990 ##$$a 02201808048 =990 ##$$a 02200900015 =990 ##$$a 02200700001 =990 ##$$a 02201514342 =990 ##$$a 02201514343 =990 ##$$a 02200900015 =990 ##$$a 02201808048 =990 ##$$a 02201100001 =990 ##$$a 02200700001 =990 ##$$a 02201514342 =990 ##$$a 02201514343 =990 ##$$a 02201808048 =990 ##$$a 02200900015 =990 ##$$a 02201100001 =990 ##$$a 02200700001 =990 ##$$a 02201514342 =990 ##$$a 02201514343 =990 ##$$a 1434414344 =990 ##$$a 1434514345 =990 ##$$a 1434614346 =990 ##$$a 1434714347 =990 ##$$a 1434814348 =990 ##$$a 1434914349